Звичайний вигляд
Перегляд у МАРК
Входження „Personal Name“
Кількість записів, які використовуються: 1
001 - CONTROL NUMBER
- control field: 3328
003 - CONTROL NUMBER IDENTIFIER
- control field: UA-OsUOA
005 - DATE AND TIME OF LATEST TRANSACTION
- control field: 20240624164107.0
008 - FIXED-LENGTH DATA ELEMENTS
- fixed length control field: 240624|| aca||aabn | a|a d
040 ## - CATALOGING SOURCE
- Original cataloging agency: UA-OsUOA
- Transcribing agency: UA-OsUOA
100 ## - HEADING--PERSONAL NAME
- Personal name: Edited Werner Eisehut
670 ## - SOURCE DATA FOUND
- Source citation: Work cat.: (UA-OsUOA)576573: Edited Werner Eisehut, Dictys Cretensis: Ephemeridos Belli Troiana Libri A Lvcio Septimio ex Graeco in Latinvm Sermonem Translati: Accedvnt papyri dictys graeci in Aegypto inventae, 1973